<?xml version="1.0" encoding="UTF-8"?>
<record
    xmlns:xsi="http://www.w3.org/2001/XMLSchema-instance"
    xsi:schemaLocation="http://www.loc.gov/MARC21/slim http://www.loc.gov/standards/marcxml/schema/MARC21slim.xsd"
    xmlns="http://www.loc.gov/MARC21/slim">

  <leader>00726nam a22002417a 4500</leader>
  <controlfield tag="003">UA-OsUOA</controlfield>
  <controlfield tag="001"> 64114 </controlfield>
  <controlfield tag="007">ta</controlfield>
  <controlfield tag="008">20091029b un ||||| |||| 00| 0 ukr d</controlfield>
  <datafield tag="100" ind1=" " ind2=" ">
    <subfield code="a">&#x41E;&#x433;&#x456;&#x454;&#x43D;&#x43A;&#x43E; &#x406;.&#x406;.</subfield>
  </datafield>
  <datafield tag="090" ind1=" " ind2=" ">
    <subfield code="a">281.9.(477)</subfield>
    <subfield code="b">&#x41E;-36</subfield>
  </datafield>
  <datafield tag="942" ind1=" " ind2=" ">
    <subfield code="c">BK</subfield>
  </datafield>
  <datafield tag="040" ind1=" " ind2=" ">
    <subfield code="a">UA-OsUOA</subfield>
    <subfield code="b">ukr</subfield>
    <subfield code="c">UA-OsUOA</subfield>
    <subfield code="d">UA-OsUOA</subfield>
  </datafield>
  <datafield tag="245" ind1=" " ind2=" ">
    <subfield code="a">&#x423;&#x43A;&#x440;&#x430;&#x457;&#x43D;&#x441;&#x44C;&#x43A;&#x430; &#x446;&#x435;&#x440;&#x43A;&#x432;&#x430;</subfield>
    <subfield code="b">&#x41D;&#x430;&#x440;&#x438;&#x441;&#x438; &#x437; &#x456;&#x441;&#x442;&#x43E;&#x440;&#x456;&#x457; &#x443;&#x43A;&#x440;&#x430;&#x457;&#x43D;&#x441;&#x44C;&#x43A;&#x43E;&#x457; &#x43F;&#x440;&#x430;&#x432;&#x43E;&#x441;&#x43B;&#x430;&#x432;&#x43D;&#x43E;&#x457; &#x446;&#x435;&#x440;&#x43A;&#x432;&#x438;</subfield>
  </datafield>
  <datafield tag="300" ind1=" " ind2=" ">
    <subfield code="a">283 &#x441;.</subfield>
  </datafield>
  <datafield tag="955" ind1=" " ind2=" ">
    <subfield code="a">4</subfield>
  </datafield>
  <datafield tag="041" ind1=" " ind2=" ">
    <subfield code="a">ukr</subfield>
  </datafield>
  <datafield tag="080" ind1=" " ind2=" ">
    <subfield code="a">281.9.(477)</subfield>
  </datafield>
  <datafield tag="020" ind1=" " ind2=" ">
    <subfield code="a">5-319-01166-0</subfield>
  </datafield>
  <datafield tag="260" ind1=" " ind2=" ">
    <subfield code="a">&#x41A;.</subfield>
    <subfield code="b">&#x423;&#x43A;&#x440;&#x430;&#x457;&#x43D;&#x430;</subfield>
    <subfield code="c">1993</subfield>
  </datafield>
  <datafield tag="650" ind1=" " ind2="7">
    <subfield code="a">281.9 &#x421;&#x445;&#x456;&#x434;&#x43D;&#x430; &#x43F;&#x440;&#x430;&#x432;&#x43E;&#x441;&#x43B;&#x430;&#x432;&#x43D;&#x430; &#x446;&#x435;&#x440;&#x43A;&#x432;&#x430; &#x456; &#x441;&#x43A;&#x43E;&#x43F;&#x446;&#x456;</subfield>
    <subfield code="2">UDC</subfield>
  </datafield>
  <datafield tag="999" ind1=" " ind2=" ">
    <subfield code="c">350396</subfield>
    <subfield code="d">350396</subfield>
  </datafield>
  <datafield tag="952" ind1=" " ind2=" ">
    <subfield code="0">0</subfield>
    <subfield code="1">0</subfield>
    <subfield code="2">udc</subfield>
    <subfield code="4">0</subfield>
    <subfield code="7">0</subfield>
    <subfield code="8">C_KOVALSKYI</subfield>
    <subfield code="a">102</subfield>
    <subfield code="b">102</subfield>
    <subfield code="d">2009-10-29</subfield>
    <subfield code="e">128/2009</subfield>
    <subfield code="g">6.00</subfield>
    <subfield code="i">123875</subfield>
    <subfield code="l">1</subfield>
    <subfield code="o">281.9.(477) &#x41E;-36</subfield>
    <subfield code="p">123875</subfield>
    <subfield code="r">2022-12-16 00:00:00</subfield>
    <subfield code="s">2022-12-16</subfield>
    <subfield code="w">2009-10-29</subfield>
    <subfield code="y">BK</subfield>
  </datafield>
</record>
